| 000 | 01347nam a22004217a 4500 | ||
|---|---|---|---|
| 999 |
_c375 _d375 |
||
| 001 | 000262 | ||
| 003 | CoMeUDC000262 | ||
| 005 | 20181212193506.0 | ||
| 008 | 990331s1998 sp a r 00010 spa d | ||
| 020 | _a8434421356 | ||
| 035 | _aAGQ2661 LA | ||
| 040 |
_ala _cCoMeUDC |
||
| 041 | 1 |
_aspa _heng |
|
| 082 | 0 | 4 |
_a338.5 _bS865m _220 ed. |
| 100 | 1 |
_aStiglitz, Joseph E., _d1943- |
|
| 245 | 1 | 0 |
_aMicroeconomía / _cJoseph E. Stiglitz ; traducción de Gonzalo Gómez Hoyo. |
| 260 |
_aBarcelona : _bEditorial Ariel, _c1998. |
||
| 300 |
_a604 p. : _bil. ; _c25 cm. |
||
| 440 |
_aAriel economía _9699 |
||
| 500 | _aGlosario : p. 571-591. | ||
| 534 |
_pTt̕ulo original. _tPrinciples of microeconomics. |
||
| 650 | 0 |
_aMicroeconomía. _9700 |
|
| 650 | 0 |
_aAnálisis económico _9712 |
|
| 650 | 0 |
_aRiesgo. _9711 _x(Economía). |
|
| 650 | 0 |
_aMercado laboral _9710 |
|
| 650 | 0 |
_aTeoría de los juegos _9709 |
|
| 650 | 0 |
_aOligopolios _9708 |
|
| 650 | 0 |
_aMonopolios. _9707 |
|
| 650 | 0 |
_aEconomía del bienestar. _9706 |
|
| 650 | 0 |
_aCompetencia económica. _9705 |
|
| 650 | 0 |
_aCostos de producción. _9704 |
|
| 650 | 0 |
_aComportamiento del consumidor. _9703 |
|
| 650 | 0 |
_aPrecios. _9702 _xOferta y demanda. |
|
| 650 | 0 |
_aAnálisis financiero. _9701 |
|
| 700 |
_aGómez Hoyo, Gonzalo, _etr. _9713 |
||
| 942 |
_2ddc _cBK |
||
| 949 |
_an _bn |
||